Name That Famous Dog - Statistics

General Stats
  • This quiz has been taken 38 times
  • The average score is 10 of 16
Answer Stats
Picture Answer % Correct
Scooby Doo
97%
Snoopy
92%
Lassie
83%
Clifford
81%
Blue
78%
Air Bud
69%
Beethoven
67%
Toto
64%
Bolt
61%
Santas Little Helper
56%
Old Yeller
53%
Marley
47%
Under Dog
42%
Benji
39%
Dug
31%
Max
17%
No matching quizzes found
Score Distribution
Percent of People with Each Score
Percentile by Number Answered
Your Score History
You have not taken this quiz